| Tag |
First Indicator |
Second Indicator |
Subfields |
| LEADER |
00000cam a2200000 4500 |
| 001 |
in00000057537 |
| 005 |
20151007082203.0 |
| 008 |
750822s1940 eng |
| 010 |
|
|
|a 40034135
|
| 035 |
|
|
|a (OCoLC)01563039
|
| 035 |
|
|
|9 AAF7502AM
|
| 040 |
|
|
|a DLC
|c TOL
|d TOL
|d TXA
|d UtOrBLW
|
| 049 |
|
|
|a TXAM
|c [108940]
|
| 050 |
|
0 |
|a HB3581
|b .G55
|
| 092 |
|
|
|a 312.094
|b G463
|
| 100 |
1 |
|
|a Glass, D. V.
|q (David Victor),
|d 1911-1978.
|
| 245 |
1 |
0 |
|a Population policies and movements in Europe /
|c by D. V. Glass.
|
| 264 |
|
1 |
|a Oxford :
|b The Clarendon press,
|c 1940.
|
| 300 |
|
|
|a vi pages, 1 leaf 490 pages, 1 leaf ;
|c 23cm.
|
| 336 |
|
|
|a text
|b txt
|2 rdacontent
|
| 337 |
|
|
|a unmediated
|b n
|2 rdamedia
|
| 338 |
|
|
|a volume
|b nc
|2 rdacarrier
|
| 504 |
|
|
|a Bibliographical foot-notes.
|
| 650 |
|
0 |
|a Vital statistics.
|
| 651 |
|
0 |
|a Europe
|x Population.
|
| 651 |
|
0 |
|a Great Britain
|x Population.
|
| 999 |
|
|
|a MARS
|
| 999 |
f |
f |
|s 546b2f96-67d6-3a56-8385-57372c24dc34
|i c8dcbec0-8c9f-30e6-8bcc-a0ba78e02db3
|t 0
|